Normal view
MARC view
- Ali, NC Syed Faisal (TCC-7)
Entry Personal Name
001 - CONTROL NUMBER
- control field: 131793
003 - CONTROL NUMBER IDENTIFIER
- control field: NUST
005 - DATE AND TIME OF LATEST TRANSACTION
- control field: 20251111134442.0
008 - FIXED-LENGTH DATA ELEMENTS
- fixed length control field: 251111|| aca||aabn | a|a d
040 ## - CATALOGING SOURCE
- Original cataloging agency: NUST
- Transcribing agency: NUST
100 ## - HEADING--PERSONAL NAME
- Personal name: Ali, NC Syed Faisal (TCC-7)
670 ## - SOURCE DATA FOUND
- Source citation: Work cat.: (NUST)182150: Ali, NC Syed Faisal (TCC-7), Design of a PC based PABX with voice mail /, 1999
